000
00221nam a22000857a 4500
008
160711b xxu||||| |||| 00| 0 eng d
100
_9
2567
_a
Olmsted, M.S
245
_a
The Small Group
260
_a
New York
_b
Random House
_c
1959
999
_c
2232
_d
2232